| 000 | 00509nam a22001457a 4500 | ||
|---|---|---|---|
| 999 |
_c535647 _d535647 |
||
| 082 | _a621.3 | ||
| 100 | _aSami Khan, Hammad | ||
| 245 |
_aRobust Control Design for DC/DC Converter and its Hardware Implementation / _cHammad Sami Khan. |
||
| 260 |
_aIslamabad : _bPNEC - NUST , _c2017. |
||
| 300 |
_a58 p. : ill. ; _c30cm. |
||
| 942 |
_2ddc _cTHE |
||
| 650 |
_aElectrical Engineering - MS Theses. _926977 |
||
| 700 |
_aSup : Dr. Attaullah Y. Memon _930369 |
||